Statistiche per Città e Regioni - Quiz n°35

Clicka qui per fare il quiz!

Statistiche generali

  • Questo quiz è stato fatto 36 volte
  • Il punteggio medio è 8 su 10

Statistiche sulle risposte

HintRisposta% Corretto
Reggio CalabriaCalabria
100%
MonopoliPuglia
96%
BrindisiPuglia
96%
Sestri LevanteLiguria
89%
SondrioLombardia
89%
JesoloVeneto
78%
Casale MonferratoPiemonte
74%
CorreggioEmilia-Romagna
67%
Cava de' TirreniCampania
59%
LoretoMarche
48%

Distribuzione punteggi

Percentile per numero di risposta

Percentuale di utenti per punteggio

I tuoi punteggi nel tempo

Non hai fatto questo quiz